00368nam a2200145Ia 4500008004100000020001500041041001200056082001100068100001400079245006300093260003000156300000800186650001200194700001600206221030s9999 xx 000 0 und d a8184047332 aEnglish a105.23 aR. Rogers 0aAndroid Application Developmentcby R. Rogers, J. Lombardo bShroff Pub.aMumbaic2011 a318 aGeneral aJ. Lombardo